[Event "FINEC 2007 GM"]
[Site "St. Petersburg RUS"]
[Date "2007.01.31"]
[Round "7.4"]
[White "Korbut, Ekaterina"]
[Black "Ivanov, Alexey"]
[Result "1/2-1/2"]
[WhiteElo "2452"]
[BlackElo "2458"]
[PlyCount "140"]
[EventDate "2007.01.25"]
[EventType "tourn"]
[EventRounds "9"]
[EventCountry "RUS"]
[EventCategory "9"]
[Source "lmi"]
[SourceDate "2007.01.25"]

1. e4 c5 2. Nf3 d6 3. d4 cxd4 4. Nxd4 Nf6 5. Nc3 Nc6 6. Bg5 e6 7. Qd2 a6 8.
O-O-O Nxd4 9. Qxd4 Be7 10. f4 b5 11. Bxf6 gxf6 12. f5 Qc7 13. Be2 Qc5 14. fxe6
fxe6 15. Qxc5 dxc5 16. Bh5+ Kf8 17. e5 f5 18. g4 Ra7 19. gxf5 exf5 20. Nd5 Bg5+
21. Kb1 Be6 22. h4 Rd7 23. Nc7 Rxc7 24. Rd6 Bf7 25. hxg5 Bxh5 26. Rxh5 Re7 27.
Rxa6 Kg7 28. a4 bxa4 29. Rhh6 Rhe8 30. Rxa4 Rxe5 31. Rah4 Re4 32. Rxh7+ Kg6 33.
R4h5 c4 34. R7h6+ Kg7 35. Ra6 R8e6 36. Rh6 Rxa6 37. Rxa6 c3 38. Rf6 Rb4 39.
Rxf5 Rxb2+ 40. Kc1 Kg6 41. Rc5 Rb8 42. Kd1 Re8 43. Rxc3 Kxg5 44. Kd2 Rd8+ 45.
Rd3 Rc8 46. Rd5+ Kf6 47. Kd3 Ke6 48. c4 Rc6 49. Kc3 Rd6 50. Rh5 Kd7 51. Kb4 Rg6
52. Ra5 Kc7 53. c5 Kb7 54. Kb5 Rh6 55. Ra1 Rg6 56. Rh1 Kc7 57. Rh5 Kb7 58. Rf5
Rh6 59. Rg5 Rf6 60. Rd5 Rh6 61. Rd6 Rh7 62. Rb6+ Kc7 63. Ra6 Kb7 64. c6+ Kb8
65. Kb6 Rb7+ 66. Kc5 Rh7 67. Rb6+ Kc8 68. Rb4 Rh1 69. Kb6 Rc1 70. Rb5 Rh1
1/2-1/2

[Event "FINEC 2007 GM"]
[Site "St. Petersburg RUS"]
[Date "2007.01.31"]
[Round "7.5"]
[White "Klimov, Sergey"]
[Black "Mihajlovskij, Sergei"]
[Result "0-1"]
[WhiteElo "2498"]
[BlackElo "2451"]
[PlyCount "76"]
[EventDate "2007.01.25"]
[EventType "tourn"]
[EventRounds "9"]
[EventCountry "RUS"]
[EventCategory "9"]
[Source "lmi"]
[SourceDate "2007.01.25"]

1. e4 e6 2. d4 d5 3. Nc3 Bb4 4. e5 Qd7 5. a3 Bxc3+ 6. bxc3 b6 7. a4 Ba6 8. Bxa6
Nxa6 9. Qd3 Nb8 10. Nf3 Nc6 11. c4 dxc4 12. Qxc4 Nge7 13. O-O O-O 14. Rd1 Rad8
15. Ba3 Rfe8 16. Qd3 h6 17. c4 Qc8 18. Qe4 Na5 19. d5 Qb7 20. Bxe7 Rxe7 21. Rd3
exd5 22. cxd5 Qa6 23. Rad1 Nc4 24. Rc3 Qxa4 25. Rcc1 b5 26. Ra1 Qb4 27. Rxa7
Qc3 28. Re1 Rde8 29. d6 Nxd6 30. Qf4 Nc4 31. e6 Rxe6 32. Rxe6 Rxe6 33. Ra8+ Kh7
34. Qf5+ Rg6 35. h4 Qc1+ 36. Kh2 Nd6 37. Qd7 Qf4+ 38. Kg1 Qg4 0-1

[Event "FINEC 2007 GM"]
[Site "St. Petersburg RUS"]
[Date "2007.02.01"]
[Round "8.1"]
[White "Lanin, Alexsej"]
[Black "Mihajlovskij, Sergei"]
[Result "0-1"]
[WhiteElo "2465"]
[BlackElo "2451"]
[PlyCount "82"]
[EventDate "2007.01.25"]
[EventType "tourn"]
[EventRounds "9"]
[EventCountry "RUS"]
[EventCategory "9"]
[Source "lmi"]
[SourceDate "2007.01.25"]

1. e4 e6 2. d4 d5 3. Nc3 Bb4 4. e5 Qd7 5. Bd2 b6 6. Bb5 c6 7. Ba4 a5 8. a3 Bf8
9. Nce2 Ba6 10. c3 Bb5 11. Bc2 a4 12. Nf3 c5 13. O-O Nc6 14. Re1 Na5 15. Nf4
Nc4 16. Bc1 Ne7 17. Ng5 h6 18. Nh7 Rxh7 19. Bxh7 g6 20. h4 h5 21. g4 hxg4 22.
h5 gxh5 23. Nxh5 O-O-O 24. Nf6 Qc7 25. b3 axb3 26. Qxb3 Ba6 27. Bd3 Nc6 28. Be3
Be7 29. Nh5 Bb7 30. Qd1 Rh8 31. Ng3 Nxe3 32. Rxe3 cxd4 33. cxd4 Nxd4 34. Qxg4
Bc5 35. Rc1 Kb8 36. a4 Nc6 37. Qg7 Qd8 38. Rxc5 bxc5 39. Qxf7 Nb4 40. Bf1 d4
41. Re1 Qh4 0-1

[Event "FINEC 2007 GM"]
[Site "St. Petersburg RUS"]
[Date "2007.02.01"]
[Round "8.2"]
[White "Ivanov, Alexey"]
[Black "Klimov, Sergey"]
[Result "1-0"]
[WhiteElo "2458"]
[BlackElo "2498"]
[PlyCount "77"]
[EventDate "2007.01.25"]
[EventType "tourn"]
[EventRounds "9"]
[EventCountry "RUS"]
[EventCategory "9"]
[Source "lmi"]
[SourceDate "2007.01.25"]

1. e4 c5 2. Nf3 d6 3. d4 cxd4 4. Nxd4 Nf6 5. Nc3 Nc6 6. Bg5 Bd7 7. Qd2 h6 8.
Bxf6 gxf6 9. Nb3 f5 10. Bd3 fxe4 11. Nxe4 Bg7 12. O-O Qb6 13. c3 a5 14. Rae1
Ne5 15. Nd4 d5 16. Ng3 Nxd3 17. Qxd3 e6 18. Ngf5 Bf8 19. c4 dxc4 20. Qxc4 Rc8
21. Qd3 Qxb2 22. Qg3 Qb6 23. Ng7+ Kd8 24. Rd1 Rc5 25. Qb8+ Ke7 26. Ndf5+ exf5
27. Rfe1+ Kf6 28. Nh5+ Kg5 29. Rxd7 Kxh5 30. Rxf7 Qd6 31. Qe8 Kg5 32. h4+ Kxh4
33. g3+ Kg4 34. Rd7 Qf6 35. Rd4+ Kg5 36. f4+ Kg4 37. Qe2+ Kh3 38. Qh5+ Kxg3 39.
Re3# 1-0

[Event "FINEC 2007 GM"]
[Site "St. Petersburg RUS"]
[Date "2007.02.01"]
[Round "8.4"]
[White "Kim, Alexey"]
[Black "Gorovykh, Eduard"]
[Result "1/2-1/2"]
[WhiteElo "2457"]
[BlackElo "2381"]
[PlyCount "32"]
[EventDate "2007.01.25"]
[EventType "tourn"]
[EventRounds "9"]
[EventCountry "RUS"]
[EventCategory "9"]
[Source "lmi"]
[SourceDate "2007.01.25"]

1. e4 e6 2. d4 d5 3. Nd2 c5 4. exd5 Qxd5 5. Ngf3 cxd4 6. Bc4 Qd6 7. O-O Nc6 8.
Nb3 Nf6 9. Nbxd4 Nxd4 10. Qxd4 Qxd4 11. Nxd4 a6 12. Be2 e5 13. Nb3 Be6 14. Re1
O-O-O 15. Bf1 Bd6 16. Bd2 Bf5 1/2-1/2

[Event "FINEC 2007 GM"]
[Site "St. Petersburg RUS"]
[Date "2007.02.01"]
[Round "8.5"]
[White "Matlakov, Maxim"]
[Black "Tihonov, Jurij"]
[Result "1-0"]
[WhiteElo "2452"]
[BlackElo "2501"]
[PlyCount "63"]
[EventDate "2007.01.25"]
[EventType "tourn"]
[EventRounds "9"]
[EventCountry "RUS"]
[EventCategory "9"]
[Source "lmi"]
[SourceDate "2007.01.25"]

1. e4 c5 2. Nf3 d6 3. d4 cxd4 4. Nxd4 Nf6 5. Nc3 a6 6. Be3 e5 7. Nb3 Be6 8. Qd2
Nbd7 9. O-O-O Be7 10. f4 b5 11. f5 Bc4 12. g4 h6 13. Qg2 Qc7 14. a3 Rc8 15. Kb1
Nb6 16. Bxb6 Qxb6 17. h4 h5 18. g5 Ng4 19. Rd2 Bd8 20. Be2 Bxe2 21. Nd5 Qa7 22.
Qxe2 Bb6 23. Rhd1 Be3 24. Rd3 Bf2 25. Rh1 f6 26. Nd2 Rc5 27. Nf3 Rc4 28. Nh2
Bxh4 29. Nxg4 hxg4 30. gxf6 gxf6 31. Qxg4 b4 32. Rxh4 1-0

[Event "FINEC 2007 IM"]
[Site "St. Petersburg RUS"]
[Date "2007.01.25"]
[Round "1.1"]
[White "Gogin, Ruslan"]
[Black "Stupak, Kirill"]
[Result "1-0"]
[WhiteElo "2135"]
[BlackElo "2361"]
[PlyCount "47"]
[EventDate "2007.01.25"]
[EventType "tourn"]
[EventRounds "10"]
[EventCountry "RUS"]
[EventCategory "3"]
[Source "lmi"]
[SourceDate "2007.01.25"]

1. d4 e6 2. c4 Nf6 3. Nc3 c5 4. d5 exd5 5. cxd5 Bd6 6. e4 O-O 7. Bd3 Re8 8.
Nge2 Bc7 9. Bg5 a6 10. a4 d6 11. O-O Nbd7 12. Ng3 h6 13. Bf4 Nf8 14. Nh5 Nxh5
15. Qxh5 Bd7 16. Bg3 Rb8 17. a5 Ng6 18. f4 Bxa5 19. e5 Bxc3 20. bxc3 Nf8 21. c4
Qc8 22. h3 g6 23. Qxh6 Bf5 24. Bh4 1-0

[Event "FINEC 2007 IM"]
[Site "St. Petersburg RUS"]
[Date "2007.01.25"]
[Round "1.3"]
[White "Shalimov, Valery"]
[Black "Zacurdajev, Mikhail"]
[Result "1/2-1/2"]
[WhiteElo "2393"]
[BlackElo "2374"]
[PlyCount "29"]
[EventDate "2007.01.25"]
[EventType "tourn"]
[EventRounds "10"]
[EventCountry "RUS"]
[EventCategory "3"]
[Source "lmi"]
[SourceDate "2007.01.25"]

1. d4 Nf6 2. Nf3 e6 3. c4 b6 4. a3 Bb7 5. Nc3 d5 6. Bg5 Be7 7. Qa4+ Bc6 8. Qb3
dxc4 9. Qxc4 Bb7 10. e3 O-O 11. Be2 Nbd7 12. O-O c5 13. Rfd1 Nd5 14. Bxe7 Qxe7
15. Rac1 1/2-1/2

[Event "FINEC 2007 IM"]
[Site "St. Petersburg RUS"]
[Date "2007.01.25"]
[Round "1.4"]
[White "Lintchevski, Daniil"]
[Black "Sudakova, Irina"]
[Result "1-0"]
[WhiteElo "2449"]
[BlackElo "2381"]
[PlyCount "67"]
[EventDate "2007.01.25"]
[EventType "tourn"]
[EventRounds "10"]
[EventCountry "RUS"]
[EventCategory "3"]
[Source "lmi"]
[SourceDate "2007.01.25"]

1. e4 e5 2. Nf3 Nc6 3. d4 exd4 4. Bc4 d6 5. Nxd4 Be7 6. Nc3 Nf6 7. O-O O-O 8.
h3 Nxd4 9. Qxd4 Be6 10. Be3 Nd7 11. Bxe6 fxe6 12. Qc4 Rf6 13. f4 c6 14. Qb3 Qc7
15. e5 dxe5 16. Ne4 Rf7 17. Qxe6 Nf8 18. Qb3 c5 19. fxe5 c4 20. Qb5 Qc6 21.
Qxc6 bxc6 22. Nd2 Rxf1+ 23. Rxf1 c3 24. bxc3 Rb8 25. Nc4 Rb5 26. a4 Rb7 27. Na5
Rc7 28. Rb1 Kf7 29. Nb7 Ke6 30. Bxa7 Nd7 31. a5 c5 32. a6 Rc6 33. Ra1 Kxe5 34.
Bb8+ 1-0

[Event "FINEC 2007 IM"]
[Site "St. Petersburg RUS"]
[Date "2007.01.25"]
[Round "1.5"]
[White "Merzliakov, Evgeny"]
[Black "Melnikov, Dmitry"]
[Result "0-1"]
[WhiteElo "2211"]
[BlackElo "2353"]
[PlyCount "68"]
[EventDate "2007.01.25"]
[EventType "tourn"]
[EventRounds "10"]
[EventCountry "RUS"]
[EventCategory "3"]
[Source "lmi"]
[SourceDate "2007.01.25"]

1. d4 f5 2. g4 fxg4 3. e4 d5 4. e5 Bf5 5. Bd3 Qd7 6. Ne2 Nc6 7. a3 O-O-O 8. b4
Bxd3 9. cxd3 e6 10. b5 Nce7 11. a4 Nf5 12. Qb3 Nh4 13. a5 Kb8 14. Nbc3 Ne7 15.
Kd1 Nef5 16. Bg5 Be7 17. Bxh4 Nxh4 18. Na4 Rhf8 19. b6 cxb6 20. Nxb6 Qc8 21.
Na4 Rxf2 22. Rb1 Qc6 23. Rc1 Qa6 24. Qc3 Rff8 25. Qc7+ Ka8 26. Rc3 Bb4 27. Rb3
Bxa5 28. Qxg7 Nf5 29. Qxh7 Qc6 30. Nac3 Rc8 31. Kd2 Nxd4 32. Nxd4 Bxc3+ 33.
Rxc3 Qxc3+ 34. Ke3 Rc4 0-1

[Event "FINEC 2007 IM"]
[Site "St. Petersburg RUS"]
[Date "2007.01.26"]
[Round "2.1"]
[White "Sudakova, Irina"]
[Black "Merzliakov, Evgeny"]
[Result "1-0"]
[WhiteElo "2381"]
[BlackElo "2211"]
[PlyCount "105"]
[EventDate "2007.01.25"]
[EventType "tourn"]
[EventRounds "10"]
[EventCountry "RUS"]
[EventCategory "3"]
[Source "lmi"]
[SourceDate "2007.01.25"]

1. e4 e6 2. d4 d5 3. Nd2 Nf6 4. e5 Nfd7 5. Bd3 c5 6. c3 Nc6 7. Ne2 cxd4 8. cxd4
f6 9. exf6 Nxf6 10. O-O Bd6 11. Nf3 O-O 12. Bf4 Bxf4 13. Nxf4 Qd6 14. g3 e5 15.
dxe5 Nxe5 16. Nxe5 Qxe5 17. Qb3 Kh8 18. Qb4 Rd8 19. Rfe1 Qd6 20. Qxd6 Rxd6 21.
Rac1 Bd7 22. Rc7 Rb8 23. f3 Rc6 24. Nxd5 Rxc7 25. Nxc7 Bc6 26. Be4 Bxe4 27.
fxe4 Rc8 28. Nb5 Rc2 29. e5 Ng8 30. e6 Ne7 31. Rd1 Re2 32. Rd8+ Ng8 33. Nd4 Re5
34. Rd7 h5 35. Rxb7 Re4 36. Rb8 g6 37. h4 Kg7 38. Rb7+ Kf6 39. Rf7+ Ke5 40.
Nf3+ Kd6 41. Rxa7 Nf6 42. Ra6+ Ke7 43. Ra7+ Kd6 44. Rf7 Nd5 45. Ng5 Re2 46. Rf2
Re1+ 47. Kg2 Ne3+ 48. Kf3 Nf5 49. Rd2+ Kc6 50. Kf2 Rh1 51. Nf3 Nd6 52. e7 Ne8
53. Rd8 1-0

[Event "FINEC 2007 IM"]
[Site "St. Petersburg RUS"]
[Date "2007.01.26"]
[Round "2.2"]
[White "Zacurdajev, Mikhail"]
[Black "Lintchevski, Daniil"]
[Result "1/2-1/2"]
[WhiteElo "2374"]
[BlackElo "2449"]
[PlyCount "21"]
[EventDate "2007.01.25"]
[EventType "tourn"]
[EventRounds "10"]
[EventCountry "RUS"]
[EventCategory "3"]
[Source "lmi"]
[SourceDate "2007.01.25"]

1. d4 d5 2. c4 c6 3. cxd5 cxd5 4. Nc3 Nf6 5. Nf3 Nc6 6. Bf4 a6 7. e3 Bg4 8. h3
Bxf3 9. Qxf3 e6 10. Bd3 Bd6 11. Bg5 1/2-1/2

[Event "FINEC 2007 IM"]
[Site "St. Petersburg RUS"]
[Date "2007.01.26"]
[Round "2.3"]
[White "Zakharchenko, Arnold"]
[Black "Shalimov, Valery"]
[Result "1-0"]
[WhiteElo "2301"]
[BlackElo "2393"]
[PlyCount "67"]
[EventDate "2007.01.25"]
[EventType "tourn"]
[EventRounds "10"]
[EventCountry "RUS"]
[EventCategory "3"]
[Source "lmi"]
[SourceDate "2007.01.25"]

1. d4 Nf6 2. c4 e6 3. Nc3 c5 4. d5 exd5 5. cxd5 d6 6. e4 a6 7. f4 Be7 8. e5 Ng4
9. Be2 h5 10. Nf3 Nd7 11. O-O dxe5 12. d6 Bf6 13. h3 exf4 14. Bxf4 Bxc3 15.
bxc3 Ngf6 16. Ne5 Qa5 17. Bc4 O-O 18. Nxf7 b5 19. Bd5 Rxf7 20. Bxa8 Qxc3 21.
Rc1 Qb4 22. Bd5 c4 23. Bxf7+ Kxf7 24. Be3 Ke8 25. Qd4 Bb7 26. Rce1 Kd8 27. Bg5
Qc5 28. Bxf6+ gxf6 29. Qxc5 Nxc5 30. Rxf6 Be4 31. Rf4 Bg6 32. Re7 Nd7 33. Rg7
Be8 34. a3 1-0

[Event "FINEC 2007 IM"]
[Site "St. Petersburg RUS"]
[Date "2007.01.26"]
[Round "2.4"]
[White "Stupak, Kirill"]
[Black "Serov, Maksim"]
[Result "1-0"]
[WhiteElo "2361"]
[BlackElo "2275"]
[PlyCount "71"]
[EventDate "2007.01.25"]
[EventType "tourn"]
[EventRounds "10"]
[EventCountry "RUS"]
[EventCategory "3"]
[Source "lmi"]
[SourceDate "2007.01.25"]

1. d4 Nf6 2. g3 g6 3. Bg2 Bg7 4. c4 O-O 5. Nf3 d6 6. O-O Nbd7 7. Nc3 e5 8. dxe5
dxe5 9. b3 e4 10. Nd4 Re8 11. Qc2 Qe7 12. Ndb5 Nc5 13. Ba3 a6 14. Na4 axb5 15.
Bxc5 Qd7 16. Rfd1 Qc6 17. cxb5 Qxb5 18. Bd4 Bg4 19. Qb2 Ra6 20. h3 Bc8 21. Nc5
Rd6 22. a4 Qc6 23. Rac1 Qd5 24. Bxf6 Bxf6 25. Qc2 Qe5 26. Rxd6 cxd6 27. Nxe4
Bg7 28. Qc7 Bf8 29. Qc3 Kg7 30. Qxe5+ dxe5 31. Rc7 h6 32. g4 Bb4 33. g5 hxg5
34. Nxg5 Be7 35. h4 b6 36. Bc6 1-0

[Event "FINEC 2007 IM"]
[Site "St. Petersburg RUS"]
[Date "2007.01.26"]
[Round "2.5"]
[White "Kulikov, Evgeny"]
[Black "Gogin, Ruslan"]
[Result "1-0"]
[WhiteElo "2260"]
[BlackElo "2135"]
[PlyCount "57"]
[EventDate "2007.01.25"]
[EventType "tourn"]
[EventRounds "10"]
[EventCountry "RUS"]
[EventCategory "3"]
[Source "lmi"]
[SourceDate "2007.01.25"]

1. e4 c5 2. Nf3 Nc6 3. Nc3 Nf6 4. Bb5 Nd4 5. e5 Nxb5 6. Nxb5 Nd5 7. O-O a6 8.
c4 Nb6 9. Nc3 d5 10. d4 Nxc4 11. b3 Na5 12. dxc5 e6 13. Bg5 Qc7 14. Na4 Rb8 15.
Rc1 Bd7 16. Nb6 h6 17. Bf4 Be7 18. Qd2 g5 19. Bg3 g4 20. Nxd5 Qd8 21. Nxe7 Bb5
22. Nd4 Bxf1 23. Bh4 Bb5 24. Bf6 Rh7 25. Qf4 Qc7 26. Qxg4 Rh8 27. Bxh8 Qxe7 28.
Bf6 Qf8 29. Nxe6 1-0

[Event "FINEC 2007 IM"]
[Site "St. Petersburg RUS"]
[Date "2007.01.27"]
[Round "3.1"]
[White "Serov, Maksim"]
[Black "Kulikov, Evgeny"]
[Result "1-0"]
[WhiteElo "2275"]
[BlackElo "2260"]
[PlyCount "147"]
[EventDate "2007.01.25"]
[EventType "tourn"]
[EventRounds "10"]
[EventCountry "RUS"]
[EventCategory "3"]
[Source "lmi"]
[SourceDate "2007.01.25"]

1. d4 Nf6 2. c4 g6 3. f3 Bg7 4. e4 d6 5. Be3 O-O 6. Ne2 c5 7. Qd2 Nc6 8. Na3 a6
9. Rd1 Nd7 10. d5 Nb4 11. Nc3 f5 12. exf5 gxf5 13. Nab1 a5 14. a3 Na6 15. Be2
Ne5 16. O-O Rf6 17. h3 Rg6 18. f4 Nd7 19. Bf3 Nf6 20. Rfe1 Rb8 21. Bf2 Nc7 22.
a4 Bd7 23. Re2 Qf8 24. Rde1 Re8 25. Qc2 Na6 26. Nd2 Nb4 27. Qb1 Bh6 28. Be3 b6
29. Nb5 Na6 30. Kh1 Qf7 31. Nf1 Rg7 32. Bd2 Nh5 33. Bxh5 Qxh5 34. Bc3 Rf7 35.
Nxd6 exd6 36. Rxe8+ Bxe8 37. Rxe8+ Rf8 38. Rxf8+ Kxf8 39. Ng3 Qg6 40. Nxf5 Bxf4
41. Qe4 Be5 42. Bxe5 dxe5 43. Qxe5 Nb4 44. Qe7+ Kg8 45. Qd8+ Kf7 46. Nd6+ Kg7
47. Ne8+ Kf7 48. Nd6+ Kg7 49. Qe7+ Kg8 50. Ne8 Qf7 51. Nf6+ Kg7 52. Qxf7+ Kxf7
53. Nxh7 Nd3 54. b3 Nc1 55. Ng5+ Ke7 56. h4 Nxb3 57. Ne4 Nd4 58. h5 Nf5 59. Kh2
Ne3 60. Nd2 b5 61. axb5 a4 62. Kg3 a3 63. Kf4 Nxc4 64. Nb3 a2 65. Kf5 Nd6+ 66.
Kg6 c4 67. Na1 Kf8 68. b6 c3 69. h6 Kg8 70. g4 Nb7 71. g5 Kh8 72. Kf7 Kh7 73.
g6+ Kxh6 74. g7 1-0

[Event "FINEC 2007 IM"]
[Site "St. Petersburg RUS"]
[Date "2007.01.27"]
[Round "3.2"]
[White "Lintchevski, Daniil"]
[Black "Zakharchenko, Arnold"]
[Result "1-0"]
[WhiteElo "2449"]
[BlackElo "2301"]
[PlyCount "121"]
[EventDate "2007.01.25"]
[EventType "tourn"]
[EventRounds "10"]
[EventCountry "RUS"]
[EventCategory "3"]
[Source "lmi"]
[SourceDate "2007.01.25"]

1. e4 c5 2. Nf3 Nc6 3. d4 cxd4 4. Nxd4 g6 5. c4 Bg7 6. Be3 Nh6 7. Be2 d6 8. Nc3
O-O 9. O-O f5 10. exf5 Bxd4 11. Bxh6 Rxf5 12. Qd2 Qa5 13. Rac1 Be6 14. Nb5 Qxd2
15. Bxd2 Bb6 16. Be3 Bxe3 17. fxe3 Rc8 18. Nd4 Rxf1+ 19. Bxf1 Bd7 20. Rc3 Ne5
21. Nf3 Nxf3+ 22. gxf3 b6 23. Kf2 Rc5 24. f4 Be6 25. b4 Rc7 26. e4 a5 27. bxa5
bxa5 28. Ke3 a4 29. Bd3 Rb7 30. a3 Rb2 31. Bc2 Bd7 32. Kd4 Ra2 33. c5 dxc5+ 34.
Kxc5 Kf8 35. Kb6 Rb2+ 36. Kc7 Be8 37. h3 Ra2 38. e5 Ra1 39. Bd3 Re1 40. Ba6 Re4
41. Rf3 Re1 42. Rd3 Rc1+ 43. Kb6 Bf7 44. Bb5 Bb3 45. Ka5 Kf7 46. Bxa4 Bxa4 47.
Kxa4 Ke6 48. Kb4 Rc8 49. a4 Rb8+ 50. Kc5 Rc8+ 51. Kb5 Rb8+ 52. Kc6 Rc8+ 53. Kb6
Rb8+ 54. Kc6 Rc8+ 55. Kb7 Rc4 56. a5 Rxf4 57. a6 Rb4+ 58. Kc6 Ra4 59. Kb5 Ra1
60. Rd4 Kxe5 61. Ra4 1-0

[Event "FINEC 2007 IM"]
[Site "St. Petersburg RUS"]
[Date "2007.01.27"]
[Round "3.3"]
[White "Merzliakov, Evgeny"]
[Black "Zacurdajev, Mikhail"]
[Result "0-1"]
[WhiteElo "2211"]
[BlackElo "2374"]
[PlyCount "116"]
[EventDate "2007.01.25"]
[EventType "tourn"]
[EventRounds "10"]
[EventCountry "RUS"]
[EventCategory "3"]
[Source "lmi"]
[SourceDate "2007.01.25"]

1. d4 Nf6 2. c4 e6 3. Nc3 Bb4 4. Qc2 c5 5. e3 Nc6 6. Nf3 O-O 7. Bd3 d5 8. dxc5
Bxc5 9. a3 a6 10. b4 Bd6 11. Bb2 dxc4 12. Bxc4 Ne5 13. Be2 Bd7 14. Rd1 Qc7 15.
Qd2 Nxf3+ 16. Bxf3 Be5 17. Ne2 Bxb2 18. Qxb2 e5 19. Ng3 Bb5 20. Rc1 Qd6 21. Be2
Bxe2 22. Nxe2 Rfd8 23. O-O Nd5 24. Ng3 Nf6 25. Qc3 g6 26. h3 Rd7 27. Qc4 Qd3
28. Qh4 Kg7 29. Qg5 Re8 30. Rcd1 Qc2 31. Nh5+ Kf8 32. Rc1 Qxc1 33. Qh6+ Ke7 34.
Rxc1 Nxh5 35. g4 Nf6 36. Qg5 Ke6 37. f4 exf4 38. exf4 Rd5 39. Qh4 Ne4 40. Qxh7
Red8 41. Qg7 Nd6 42. Re1+ Kd7 43. a4 Rc8 44. Qf6 Rc2 45. Qe7+ Kc6 46. Qe3 Rdd2
47. Qf3+ Kc7 48. h4 f5 49. h5 fxg4 50. Qxg4 gxh5 51. Qxh5 Nf5 52. Qh3 Nd4 53.
f5 Ne2+ 54. Kh2 Rc3 55. Qh7+ Kb8 56. Qh8+ Ka7 57. Qe5 Nf4+ 58. Kg1 Rg2+ 0-1

[Event "FINEC 2007 IM"]
[Site "St. Petersburg RUS"]
[Date "2007.01.27"]
[Round "3.4"]
[White "Melnikov, Dmitry"]
[Black "Sudakova, Irina"]
[Result "1/2-1/2"]
[WhiteElo "2353"]
[BlackElo "2381"]
[PlyCount "112"]
[EventDate "2007.01.25"]
[EventType "tourn"]
[EventRounds "10"]
[EventCountry "RUS"]
[EventCategory "3"]
[Source "lmi"]
[SourceDate "2007.01.25"]

1. b3 e5 2. Bb2 Nc6 3. c4 Nf6 4. e3 Be7 5. a3 O-O 6. Qc2 d5 7. cxd5 Qxd5 8. Nc3
Qe6 9. Nf3 Rd8 10. Be2 h6 11. d3 a6 12. O-O Bd6 13. Rac1 Qe7 14. b4 Bf5 15. Nd2
Rd7 16. Nce4 Nxe4 17. dxe4 Be6 18. Nc4 Rad8 19. Rfd1 Bxc4 20. Qxc4 Qg5 21. b5
Nb8 22. Qb3 axb5 23. Bxb5 c6 24. Be2 Bf8 25. a4 Rxd1+ 26. Rxd1 Rxd1+ 27. Bxd1
Qe7 28. Bh5 Na6 29. Bxe5 Nc5 30. Qc4 b5 31. axb5 cxb5 32. Qd5 Nd7 33. Bd4 b4
34. e5 Qe6 35. Qxe6 fxe6 36. Bd1 g5 37. Kf1 Bg7 38. f4 Kf7 39. Ba4 Ke7 40. Ke2
Kd8 41. Kd3 Bf8 42. Kc4 Kc7 43. Bxd7 Kxd7 44. g3 Kc6 45. e4 Kd7 46. f5 g4 47.
Be3 h5 48. Bd2 b3 49. Kxb3 Bc5 50. Kc4 Bg1 51. Bg5 Bxh2 52. Bh4 Bg1 53. Kd3 Bf2
54. Ke2 Bd4 55. Bf6 Bc5 56. Bg5 Bd4 1/2-1/2

[Event "FINEC 2007 IM"]
[Site "St. Petersburg RUS"]
[Date "2007.01.27"]
[Round "4.1"]
[White "Kulikov, Evgeny"]
[Black "Shalimov, Valery"]
[Result "0-1"]
[WhiteElo "2260"]
[BlackElo "2393"]
[PlyCount "58"]
[EventDate "2007.01.25"]
[EventType "tourn"]
[EventRounds "10"]
[EventCountry "RUS"]
[EventCategory "3"]
[Source "lmi"]
[SourceDate "2007.01.25"]

1. e4 c5 2. Nf3 Nc6 3. Nc3 g6 4. d4 cxd4 5. Nxd4 Bg7 6. Be3 Nf6 7. Be2 O-O 8.
f4 d6 9. Nb3 a5 10. a4 Be6 11. O-O Rc8 12. Qd2 Nb4 13. f5 Rxc3 14. bxc3 Nxe4
15. Qc1 Nxc3 16. Bf3 Bxf5 17. Bd4 Qc7 18. Bxg7 Kxg7 19. Nd4 Qc5 20. Qe3 Bd7 21.
Qf2 e5 22. Nb3 Qxf2+ 23. Kxf2 b6 24. Nd2 Rc8 25. Rfc1 d5 26. Ra3 e4 27. Be2 d4
28. Ke1 Nxe2 29. Kxe2 d3+ 0-1

[Event "FINEC 2007 IM"]
[Site "St. Petersburg RUS"]
[Date "2007.01.27"]
[Round "4.2"]
[White "Gogin, Ruslan"]
[Black "Serov, Maksim"]
[Result "1/2-1/2"]
[WhiteElo "2135"]
[BlackElo "2275"]
[PlyCount "102"]
[EventDate "2007.01.25"]
[EventType "tourn"]
[EventRounds "10"]
[EventCountry "RUS"]
[EventCategory "3"]
[Source "lmi"]
[SourceDate "2007.01.25"]

1. d4 Nf6 2. Nf3 g6 3. c4 Bg7 4. Nc3 O-O 5. g3 d6 6. Bg2 Nbd7 7. O-O e5 8. e4
c6 9. h3 exd4 10. Nxd4 Re8 11. Re1 Qb6 12. Nc2 Ne5 13. b3 Nfd7 14. Na4 Qa5 15.
Bb2 Nc5 16. Bc3 Qd8 17. f4 Nxa4 18. bxa4 Nd7 19. Bxg7 Kxg7 20. Qxd6 Nb6 21. Qb4
Qe7 22. Qb3 Be6 23. Ne3 Nxc4 24. Nxc4 Qc5+ 25. Kh2 Qxc4 26. Qxb7 Qxa4 27. Rac1
Qxa2 28. Ra1 Qf2 29. Qc7 Kg8 30. Rec1 Rab8 31. Qxa7 Qxa7 32. Rxa7 Rec8 33. g4
Rb2 34. f5 Bb3 35. Kg3 Rc2 36. Rxc2 Bxc2 37. Kf4 Bb3 38. Rb7 Ba2 39. Bf1 f6 40.
g5 gxf5 41. gxf6 fxe4 42. Rg7+ Kh8 43. Kxe4 Re8+ 44. Re7 Rxe7+ 45. fxe7 Bf7 46.
Ke5 Kg7 47. Kd6 Be8 48. Bd3 h6 49. Ke6 c5 50. h4 Bf7+ 51. Kd7 c4 1/2-1/2

[Event "FINEC 2007 IM"]
[Site "St. Petersburg RUS"]
[Date "2007.01.27"]
[Round "4.3"]
[White "Zacurdajev, Mikhail"]
[Black "Melnikov, Dmitry"]
[Result "1-0"]
[WhiteElo "2374"]
[BlackElo "2353"]
[PlyCount "47"]
[EventDate "2007.01.25"]
[EventType "tourn"]
[EventRounds "10"]
[EventCountry "RUS"]
[EventCategory "3"]
[Source "lmi"]
[SourceDate "2007.01.25"]

1. Nf3 f5 2. d3 d6 3. e4 e5 4. Nc3 Nf6 5. exf5 Bxf5 6. d4 e4 7. Nh4 Bc8 8. Bg5
Be7 9. Bxf6 Bxf6 10. Qh5+ g6 11. Nxg6 hxg6 12. Qxg6+ Kd7 13. Nd5 Rf8 14. Be2 c5
15. dxc5 Kc6 16. Qxe4 Re8 17. Qf3 Bxb2 18. Rd1 Na6 19. Nf6+ d5 20. Nxe8 Qa5+
21. Kf1 Be6 22. Qf4 Qxc5 23. Qa4+ Kb6 24. Rb1 1-0

[Event "FINEC 2007 IM"]
[Site "St. Petersburg RUS"]
[Date "2007.01.27"]
[Round "4.4"]
[White "Zakharchenko, Arnold"]
[Black "Merzliakov, Evgeny"]
[Result "0-1"]
[WhiteElo "2301"]
[BlackElo "2211"]
[PlyCount "76"]
[EventDate "2007.01.25"]
[EventType "tourn"]
[EventRounds "10"]
[EventCountry "RUS"]
[EventCategory "3"]
[Source "lmi"]
[SourceDate "2007.01.25"]

1. d4 e6 2. c4 b6 3. Nc3 Bb7 4. e4 Bb4 5. f3 Qh4+ 6. g3 Qh5 7. Nh3 f5 8. Nf4
Qf7 9. Bg2 Nc6 10. Be3 Bxc3+ 11. bxc3 Na5 12. exf5 exf5 13. c5 Ba6 14. Kf2 Nf6
15. Re1 O-O 16. Kg1 Rae8 17. Qc2 g6 18. Nd3 d6 19. Bh6 Rxe1+ 20. Rxe1 Re8 21.
Rxe8+ Qxe8 22. cxd6 cxd6 23. Kf2 Bc4 24. Bf1 Qf7 25. Nc1 Bxf1 26. Kxf1 Qc4+ 27.
Ne2 b5 28. Qd2 Nd5 29. Kf2 Kf7 30. h3 Nc6 31. g4 Nce7 32. Bf4 Ke6 33. Bg5 Kd7
34. Bxe7 Nxe7 35. Qh6 Qf7 36. Kg3 Qxa2 37. Nf4 Qf7 38. Qg5 a5 0-1